000 00433nam a22001697a 4500
005 20250217152345.0
008 240603b |||||||| |||| 00| 0 eng d
041 _aMarathi
082 _a891.46
_bNIR
100 _aNirgudkar S
_9206660
245 _aMaza Ganesha
260 _aMumbai
_bNavachitanyha Prkashan
_c2014
300 _a156p
_bPb
_c21.5 x 14
365 _aINR
_b1.00
_cRupaye
500 _aMarathi Literature
942 _cDB
999 _c358062
_d358062